W jakim kolorze najczęściej występują warzywa? - Statystyki

Ogólne statystyki
  • Ten quiz został rozwiązany 24 razy
  • Średni wynik to 5 z 6
Statystyki odpowiedzi
Odpowiedź % Poprawnych
Zielonym
100%
Czerwonym
95%
Żółtym
90%
Białym
86%
Pomarańczowym
86%
Fioletowym
76%
Nie znaleziono quizów pasujących do podanych kryteriów
Rozkład punktacji
Procent ludzi z każdym wynikiem
Percentyl według liczby udzielonych odpowiedzi
Twoja historia wyników
Nie rozwiązałeś tego quizu